000
00221nam a22000857a 4500
008
161202b xxu||||| |||| 00| 0 eng d
100
_9
1754
_a
verma.S.
245
_a
Mathematics Term-II-X CCE
260
_a
NEW DELHI
_b
S.CHAND
_c
2011
999
_c
4464
_d
4464